[Event "Taastrup Winter 2nd"]
[White "Birk, Birger"]
[Black "Schnurre, Henri"]
[Site "Taastrup"]
[Round "2"]
[Result "1/2-1/2"]
[Date "2016.11.26"]
[WhiteElo "1567"]
[BlackElo "1547"]
[PlyCount "35"]
[EventDate "2016.11.11"]
[EventType "swiss"]
[EventRounds "9"]
[EventCountry "DEN"]
[SourceTitle "EXT 2024"]
[Source "ChessBase"]
[SourceDate "2023.10.10"]
[SourceVersion "1"]
[SourceVersionDate "2023.10.10"]
[SourceQuality "1"]

1. e4 c5 2. d4 cxd4 3. c3 d3 4. c4 e6 5. Bxd3 Bc5 6. Nf3 Nc6 7. 0-0 Nge7 8. a3 a6 9. Nc3 Nd4 10. b4 Nxf3+ 11. Qxf3 Bd4 12. Bb2 Nc6 13. Qe2 Be5 14. f4 Bd4+ 15. Kh1 0-0 16. Na4 f5 17. Bxd4 Nxd4 18. c5 1/2-1/2

[Event "Taastrup Spil Naar Vil 11"]
[White "Morling, Aase"]
[Black "Schnurre, Henri"]
[Site "Taastrup"]
[Round "4"]
[Result "1-0"]
[Date "2016.04.28"]
[WhiteElo "1527"]
[BlackElo "1588"]
[PlyCount "153"]
[EventDate "2016.03.31"]
[EventType "swiss"]
[EventRounds "7"]
[EventCountry "DEN"]
[SourceTitle "EXT 2024"]
[Source "ChessBase"]
[SourceDate "2023.10.10"]
[SourceVersion "1"]
[SourceVersionDate "2023.10.10"]
[SourceQuality "1"]

1. e4 d5 2. exd5 Nf6 3. d4 e6 4. dxe6 Bxe6 5. Nf3 Bd6 6. Bg5 h6 7. Bxf6 Qxf6 8. Nc3 Bb4 9. a3 Bxc3+ 10. bxc3 0-0 11. Bd3 Bg4 12. 0-0 Bxf3 13. Qxf3 Qxf3 14. gxf3 Nd7 15. Rfe1 Rfe8 16. Re3 Nf6 17. Be4 c6 18. Rb1 Nxe4 19. Rxe4 b6 20. Rbe1 Kf8 21. c4 Rxe4 22. fxe4 Rd8 23. c3 Rd6 24. f3 Rg6+ 25. Kf2 h5 26. h4 Re6 27. d5 cxd5 28. cxd5 Rd6 29. c4 f6 30. f4 Rd8 31. Kf3 Rc8 32. Rc1 Ke7 33. Ke3 Kd6 34. Kd4 Rc7 35. f5 Rc8 36. a4 Rc5 37. Ra1 Rc8 38. a5 b5 39. cxb5 Rc5 40. Rb1 Rc8 41. b6 a6 42. b7 Rb8 43. Rb6+ Kc7 44. d6+ Kd7 45. Kd5 Kd8 46. Ke6 Ke8 47. e5 fxe5 48. Kxe5 Kf7 49. d7 Ke7 50. Rxa6 Rxb7 51. d8Q+ Kxd8 52. Rd6+ Kc8 53. a6 Ra7 54. Ke6 Kb8 55. f6 gxf6 56. Kxf6 Rh7 57. Kg6 Rh8 58. Kg7 Rc8 59. Rh6 Rc7+ 60. Kg6 Rc6+ 61. Kxh5 Rc5+ 62. Kg4 Rc4+ 63. Kf3 Rc3+ 64. Ke4 Rc4+ 65. Kd5 Rc1 66. h5 Ka7 67. Rg6 Rd1+ 68. Kc4 Rh1 69. h6 Rh4+ 70. Kc5 Rh5+ 71. Kd4 Rh4+ 72. Ke5 Rh5+ 73. Kf6 Kxa6 74. Kg7+ Kb7 75. h7 Rc5 76. h8Q Rc7+ 77. Kh6 1-0

[Event "Politiken Cup 32nd"]
[White "Schnurre, Henri"]
[Black "Larsen, Eigil"]
[Site "Copenhagen"]
[Round "3"]
[Result "0-1"]
[Date "2010.08.01"]
[WhiteElo "1605"]
[BlackElo "1813"]
[PlyCount "86"]
[EventDate "2010.07.31"]
[EventType "swiss"]
[EventRounds "10"]
[EventCountry "DEN"]
[SourceTitle "CBM 137 Extra"]
[Source "ChessBase"]
[SourceDate "2010.09.01"]
[SourceVersion "1"]
[SourceVersionDate "2010.09.01"]
[SourceQuality "1"]

1. d4 Nf6 2. Nc3 d5 3. e4 dxe4 4. f3 exf3 5. Nxf3 Bf5 6. Bc4 e6 7. 0-0 Be7 8. Bg5 Nbd7 9. Bd3 Bxd3 10. Qxd3 0-0 11. Ne4 Nxe4 12. Bxe7 Qxe7 13. Qxe4 c6 14. c3 Nf6 15. Qh4 c5 16. Ne5 cxd4 17. Rf3 dxc3 18. Rxc3 Rac8 19. Rac1 Rxc3 20. Rxc3 Qd6 21. Nd3 h6 22. a3 Re8 23. g4 Qd4+ 24. Nf2 Ne4 25. Rd3 Qxf2+ 26. Qxf2 Nxf2 27. Kxf2 Re7 28. Rf3 Rc7 29. b4 f6 30. Re3 Kf7 31. Kf3 g6 32. Kg3 f5 33. Rf3 Kf6 34. h4 g5 35. h5 Rc4 36. gxf5 exf5 37. Rd3 Ke5 38. Rd8 Rc3+ 39. Kf2 Rxa3 40. Re8+ Kf4 41. Re6 Ra2+ 42. Ke1 Ra6 43. Re7 Rb6 0-1

[Event "Politiken Cup 32nd"]
[White "Schnurre, Henri"]
[Black "Stray, Gunnar"]
[Site "Copenhagen"]
[Round "1"]
[Result "0-1"]
[Date "2010.07.31"]
[WhiteElo "1605"]
[BlackElo "2055"]
[PlyCount "106"]
[EventDate "2010.07.31"]
[EventType "swiss"]
[EventRounds "10"]
[EventCountry "DEN"]
[SourceTitle "CBM 137 Extra"]
[Source "ChessBase"]
[SourceDate "2010.09.01"]
[SourceVersion "1"]
[SourceVersionDate "2010.09.01"]
[SourceQuality "1"]

1. f4 d5 2. Nf3 Nf6 3. e3 c6 4. Be2 g6 5. 0-0 Bg7 6. d3 0-0 7. Bd2 Qb6 8. Qc1 Nbd7 9. Nc3 a5 10. Na4 Qa7 11. c4 dxc4 12. dxc4 Ne4 13. Rb1 Nxd2 14. Qxd2 Nf6 15. Nc3 Bf5 16. Rbd1 Qb6 17. Nd4 Ne4 18. Nxe4 Bxe4 19. Bf3 Bxf3 20. Rxf3 Rad8 21. Qe2 Bxd4 22. exd4 Rxd4 23. Rxd4 Qxd4+ 24. Re3 Rd8 25. g3 e6 26. Kg2 Qd2 27. Kf3 Qc1 28. Rc3 Qh1+ 29. Kg4 c5 30. Rf3 Qb1 31. Kh3 Qf5+ 32. g4 Qf6 33. Kg3 Rd4 34. b3 Qd8 35. Rf2 Qd6 36. Qe5 Qxe5 37. fxe5 a4 38. Rf4 Rd3+ 39. Rf3 Rd2 40. Rf2 Rxf2 41. Kxf2 axb3 42. axb3 g5 43. Kf3 f5 44. h3 f4 45. h4 h6 46. h5 Kf8 47. Ke2 Ke7 48. Kd3 Kd7 49. Kd2 Kc6 50. Ke2 Kb6 51. Kd3 Ka5 52. Ke2 Kb4 53. Kd3 Kxb3 0-1